Все страны-хозяйки ЧМ по футболу - Statistics

General Stats
  • This quiz has been taken 466 times
    350 since last reset
  • The average score is 21 of 25
Answer Stats
Год проведения Страна-хозяйка Чемпион Счет Другой финалист % Correct
1950 Бразилия Уругвай 2:1 Бразилия
97%
2014 Бразилия Германия 1:0 (д.в.) Аргентина
97%
2018 Россия Франция 4:2 Хорватия
97%
1934 Италия Италия 2:1 (д.в.) Чехословакия
95%
1990 Италия ФРГ 1:0 Аргентина
95%
1938 Франция Италия 4:2 Венгрия
94%
1998 Франция Франция 3:0 Бразилия
94%
2026 Канада, США и Мексика ? ? ?
94%
1930 Уругвай Уругвай 4:2 Аргентина
93%
2006 Германия Италия 1:1 (пен. 5:3) Франция
93%
2030 Испания, Португалия и Марокко (+Уругвай, Аргентина, Парагвай) ? ? ?
93%
1978 Аргентина Аргентина 3:1 (д.в.) Нидерланды
92%
1982 Испания Италия 3:1 ФРГ
91%
1994 США Бразилия 0:0 (пен. 3:2) Италия
91%
2022 Катар Аргентина 3:3 (пен. 4:2) Франция
91%
2010 ЮАР Испания 1:0 (д.в.) Нидерланды
85%
2002 Южная Корея и Япония Бразилия 2:0 ФРГ
82%
1970 Мексика Бразилия 4:1 Италия
81%
1986 Мексика Аргентина 3:2 ФРГ
81%
1966 Англия Англия 4:2 (д.в.) ФРГ
80%
1958 Швеция Бразилия 5:2 Швеция
74%
2034 Саудовская Аравия ? ? ?
61%
1962 Чили Бразилия 3:1 Чехословакия
59%
1974 ФРГ ФРГ 2:1 Нидерланды
58%
1954 Швейцария ФРГ 3:2 Венгрия
48%
No matching quizzes found
Score Distribution
Percent of People with Each Score
Percentile by Number Answered
Your Score History
You have not taken this quiz since the last reset